书目信息 |
| 题名: |
决策支持与专家系统实验教程
|
|
| 作者: | 杜晖 编著 | |
| 分册: | ||
| 出版信息: | 北京 电子工业出版社 2007 |
|
| 页数: | 152页 | |
| 开本: | 24cm | |
| 丛书名: | ||
| 单 册: | ||
| 中图分类: | C934 , TP182 | |
| 科图分类: | ||
| 主题词: | 决策支持系统--高等学校--教材 , 专家系统--高等学校--教材 , 决策支持系统 , 专家系统 | |
| 电子资源: | ||
| ISBN: | 978-7-121-04475-5 | |
| 000 | 00994nam0 2200301 450 | |
| 001 | 003560025 | |
| 005 | 20080225110626.01 | |
| 010 | @a978-7-121-04475-5@dCNY18.00 | |
| 035 | @a003560025 | |
| 100 | @a20070917d2007 em y0chiy0110 ea | |
| 101 | 0 | @achi |
| 102 | @aCN@b110000 | |
| 105 | @ay z 000yy | |
| 106 | @ar | |
| 200 | 1 | @a决策支持与专家系统实验教程@Ajue ce zhi chi yu zhuan jia xi tong shi yan jiao cheng@f杜晖[等]编著 |
| 210 | @a北京@c电子工业出版社@d2007 | |
| 215 | @a152页@d24cm | |
| 300 | @a高等学校信息管理与信息系统专业系列实验教材 | |
| 330 | @a本书主要内容包括:Access 2003及Visual Basic 6.0安装与使用,概要介绍决策支持系统的基本理论知识,对成本预测决策支持系统的开发进行了详细介绍。 | |
| 606 | 0 | @a决策支持系统@x高等学校@j教材 |
| 606 | 0 | @a专家系统@x高等学校@j教材 |
| 606 | 0 | @a决策支持系统 |
| 606 | 0 | @a专家系统 |
| 690 | @aC934@v4 | |
| 690 | @aTP182@v4 | |
| 701 | 0 | @a杜晖@Adu hui@f(1975.11~)@4编著 |
| 801 | 0 | @aCN@bNLC@c20080225 |
| 905 | @dC934@e404@f4 | |
| 决策支持与专家系统实验教程/杜晖[等]编著.-北京:电子工业出版社,2007 |
| 152页;24cm |
| 高等学校信息管理与信息系统专业系列实验教材 |
| ISBN 978-7-121-04475-5:CNY18.00 |
| 本书主要内容包括:Access 2003及Visual Basic 6.0安装与使用,概要介绍决策支持系统的基本理论知识,对成本预测决策支持系统的开发进行了详细介绍。 |
| ● |
| 相关链接 |
|
|
|
|
正题名:决策支持与专家系统实验教程
索取号:C934/404
 
预约/预借
| 序号 | 登录号 | 条形码 | 馆藏地/架位号 | 状态 | 备注 |
| 1 | 0792990 | 207929900 | 第一样本阅览室/ [索取号:C934/404] | 在馆 | |
| 2 | 0792991 | 207929919 | 第一借阅区/ [索取号:C934/404] | 在馆 | |
| 3 | 0792992 | 207929928 | 第一借阅区/ [索取号:C934/404] | 在馆 | |
| 4 | 0792993 | 207929937 | 第一借阅区/ [索取号:C934/404] | 在馆 |